000 01516nam a22002297a 4500
999 _c62100
_d62100
003 Ge_BSU
005 20240710103230.0
008 240710s2020 ge ||||| |||| 00| 0 geo d
041 _ageo
080 _a615.451.1 ბ-19
100 _aბაკურაძე, ალიოშა
_eავტორი
_922790
245 _aგალენური პრეპარატების ტექნოლოგია:
_b პრაქტიკული კურსი: სახელმძღვანელო თბილისის სახელმწიფო სამედიცინო უნივერსიტეტის ფარმაციის ფაკულტეტის სტუდენტებისათვის
_cალიოშა ბაკურაძე, გულნარა მიქაია, ლაშა ბაკურაძე; რედაქტორი: ვაჟა ერიაშვილი.
264 _aთბილისი:
_b [გ.გ.],
_c2020.
300 _a246 გვ.:
_b28 სმ.
504 _aბიბლიოგრაფია: გვ 244.
653 _aფარმაკოლოგია. გალენური პრეპარატები.
653 _aმედიცინა
700 _aმიქაია, გულნარა
_99795
700 _aბაკურაძე, ლაშა
_922791
700 _a ერიაშვილი, ვაჟა
_eრედაქტორი
_922792
942 _2udc
_cᲬᲘᲒᲜᲘ